| 000 | 00933nam0a22002651 4500 | ||
|---|---|---|---|
| 001 | rc\3559391 | ||
| 005 | 20250610072427.0 | ||
| 021 |
_aRU _b[76-33766] |
||
| 035 | _a(NLR Aleph) 007796546 | ||
| 090 |
_a7669356 _c7669356 |
||
| 100 | _a20130115d1976 |||y0rusy50 ca | ||
| 101 | 0 | _arus | |
| 102 | _aRU | ||
| 105 | _aa z ||||| | ||
| 200 | 1 |
_aПроизводство электроизоляционного материала винифлекса _fГ.О. Назарян |
|
| 210 |
_aЕреван _cАйастан _d1976 |
||
| 215 |
_a151 с. _cил. _d20 |
||
| 320 | _aСписок лит.: с. 150 (7 назв.) | ||
| 606 |
_aЭлектроизоляционные материалы, полимерные _xПроизводство _2psbo |
||
| 700 | 1 |
_aНазарян _bГ.О. _gГрачня Оганесович |
|
| 801 | 0 |
_aRU _bNLR _gpsbo |
|
| 801 | 1 |
_aRU _bELAR _2rusmarc |
|
| 852 |
_aNLR _j76-3/6406 |
||
| 942 | _cBOOK | ||
| 980 | _aNB | ||